1769 1078 1628 1210 1393 1070 1491 1637 1539 1911 1249 1959 1498 1684 1860 1808 1683 1908 1047 1889 1036 1931 1643 1335 1715 1933 1980 1965 1477 1971 1702 1965 1666 1697 1991 1152 1545 1554 1651 1371 1134 1329 1194 1591 1942 1007 1341 1029 1845 1719 1311 1862 1955 1044 1304 1971 1719 1552 1594 1584 1704 1180 1564 1050 1935 1242 1642 1102 1520 1202 1562 1262 1473 1192 1957 1603 1368 1705 1993 1339 1525 1173 1687 1764 1422 1030 1138 1264 1105 1679 1233 1722 1064 1533 1181 1984 1454 1874 1432 BCNSPRNW ULIB Ver.6.0+V

เปลี่ยนเป็นภาษาไทย

Change to English
 แสดงรายละเอียดบรรณานุกรม
  กลับหน้าหลัก

Brief Record : Get Marc (ISO 2709) : E-mail record : QR code < ปิดหน้าต่าง
LEADER : 00000nam 2200000uu 4500
001    13399121934
003     ULIB
008    121214s2550||||th 000 0 tha d
020    ^a9789740319481
060  4 ^aWM55^bว287ก 2550
100 0  ^aวัชรี ทรัพย์มี
245 10 ^aกระบวนการปรึกษา ขั้นตอน สัมพันธภาพ ทักษะ =^bThe counselingprocess stages, rapport, skills /^cวัชรี ทรัพย์มี
246 30 ^aThe counseling process stages, rapport, skills
250    ^aพิมพ์ครั้งที่ 2
260    ^aกรุงเทพฯ :^bโรงพิมพ์แห่งจุฬาลงกรณ์มหาวิทยาลัย,^c2550
300    ^a143 หน้า ;^c26 ซม.
650  7 ^aการแนะแนว^xทฤษฎี
650  7 ^aการแนะแนวการศึกษา
650  7 ^aการให้คำปรึกษา
945    ^p190^l0^i15284
995    ^aทศพร
999    ^aทศพร เกษรทอง
รายการนี้ยังไม่มีแท็ก
คุณยังไม่ได้ล็อกอิน คุณสามารถมีกิจกรรมร่วมกับเว็บไซต์ได้ แต่ต้องล็อกอินก่อน ::
  ล็อกอิน

รายการสื่อสารสนเทศ

ลำดับที่ ประเภท เลขเรียก/บาร์โค้ด สถานที่ สถานะ
1. วิทยาศาสตร์การแพทย์ และสุขภาพ
วิทยาศาสตร์การแพทย์ และสุขภาพ
WM55 ว287ก 2550 ฉ.1 
  Barcode: 15284
ห้องสมุดวิทยาเขตสวรรค์ประชารักษ์
►ส่วนจัดเก็บหนังสือเก่า สปร
บนชั้น
  ขอยืม

รายการใกล้เคียง
    ผู้แต่ง [วัชรี ทรัพย์มี]

    หัวเรื่อง [การแนะแนวการศึกษา]
    หัวเรื่อง [การให้คำปรึกษา]

BibComment


ยังไม่เคยถูกคอมเมนท์

คอมเมนท์ทรัพยากรรายการนี้
  คอมเมนท์: กระบวนการปรึกษา ..


 Copyright 2026. Bcnsprnw @Library